-
Pontificia Universidad Católica Madre y Maestra (PUCMM).
Entrada Nombre corporativo
Número de registros utilizados en: 1
001 - NÚMERO DE CONTROL
003 - IDENTIFICADOR DEL NÚMERO DE CONTROL
- campo de control:
DR-UNIBE
005 - FECHA Y HORA DE LA ÚLTIMA TRANSACCIÓN
- campo de control:
20260511092538.0
008 - DATOS DE LONGITUD FIJA
- campo de control de longitud fija:
260511|| aca||aabn | a|a d
040 ## - FUENTE DE LA CATALOGACIÓN
- Centro catalogador/agencia de origen:
DR-UNIBE
- Centro/agencia transcriptor:
DR-UNIBE
110 ## - ENCABEZAMIENTO-NOMBRE DE ENTIDAD CORPORATIVA
- Nombre de entidad corporativa o nombre de jurisdicción como elemento de entrada:
Pontificia Universidad Católica Madre y Maestra (PUCMM).
- Unidad subordinada:
Vicerrectoría de Investigación e Innovación
670 ## - FUENTE DE DATOS ENCONTRADOS
- Cita de la fuente:
Work cat.: (DR-UNIBE)114631: Pontificia Universidad Católica Madre y Maestra (PUCMM). Vicerrectoría de Investigación e Innovación, Semana de la investigación 2025 : , 2025